<?xml version="1.0" encoding="UTF-8"?>
<record
    xmlns:xsi="http://www.w3.org/2001/XMLSchema-instance"
    xsi:schemaLocation="http://www.loc.gov/MARC21/slim http://www.loc.gov/standards/marcxml/schema/MARC21slim.xsd"
    xmlns="http://www.loc.gov/MARC21/slim">

  <leader>00408nam a22001697a 4500</leader>
  <controlfield tag="003">OSt</controlfield>
  <controlfield tag="005">20260429125223.0</controlfield>
  <controlfield tag="008">260429b        |||||||| |||| 00| 0 eng d</controlfield>
  <datafield tag="020" ind1=" " ind2=" ">
    <subfield code="a">9789353579470</subfield>
  </datafield>
  <datafield tag="082" ind1=" " ind2=" ">
    <subfield code="a">305.235 BAS</subfield>
  </datafield>
  <datafield tag="100" ind1=" " ind2=" ">
    <subfield code="a">BHARGAVA,Jyotsna Mohan</subfield>
  </datafield>
  <datafield tag="245" ind1=" " ind2=" ">
    <subfield code="a">Stoned Shamed Depressed</subfield>
  </datafield>
  <datafield tag="250" ind1=" " ind2=" ">
    <subfield code="a">1st Ed</subfield>
  </datafield>
  <datafield tag="260" ind1=" " ind2=" ">
    <subfield code="a">New Delhi</subfield>
    <subfield code="b">Harper Collins</subfield>
    <subfield code="c">2020</subfield>
  </datafield>
  <datafield tag="300" ind1=" " ind2=" ">
    <subfield code="a">269p.</subfield>
  </datafield>
  <datafield tag="942" ind1=" " ind2=" ">
    <subfield code="2">ddc</subfield>
    <subfield code="c">REF</subfield>
  </datafield>
  <datafield tag="999" ind1=" " ind2=" ">
    <subfield code="c">13920</subfield>
    <subfield code="d">13920</subfield>
  </datafield>
  <datafield tag="952" ind1=" " ind2=" ">
    <subfield code="0">0</subfield>
    <subfield code="1">0</subfield>
    <subfield code="2">ddc</subfield>
    <subfield code="4">0</subfield>
    <subfield code="7">0</subfield>
    <subfield code="8">GENERAL</subfield>
    <subfield code="a">PIET</subfield>
    <subfield code="b">PIET</subfield>
    <subfield code="d">2026-04-22</subfield>
    <subfield code="e">Zaffa Books</subfield>
    <subfield code="f">INR</subfield>
    <subfield code="g">399.00</subfield>
    <subfield code="k">ZBD2026-27-0024</subfield>
    <subfield code="l">0</subfield>
    <subfield code="o">305.235 BAS</subfield>
    <subfield code="p">39998</subfield>
    <subfield code="r">2026-04-29 12:53:22</subfield>
    <subfield code="v">279.30</subfield>
    <subfield code="w">2026-04-22</subfield>
    <subfield code="y">REF</subfield>
  </datafield>
  <datafield tag="952" ind1=" " ind2=" ">
    <subfield code="0">0</subfield>
    <subfield code="1">0</subfield>
    <subfield code="2">ddc</subfield>
    <subfield code="4">0</subfield>
    <subfield code="7">0</subfield>
    <subfield code="8">GENERAL</subfield>
    <subfield code="a">PIET</subfield>
    <subfield code="b">PIET</subfield>
    <subfield code="d">2026-04-22</subfield>
    <subfield code="e">Zaffa Books</subfield>
    <subfield code="f">INR</subfield>
    <subfield code="g">399.00</subfield>
    <subfield code="k">ZBD2026-27-0024</subfield>
    <subfield code="l">0</subfield>
    <subfield code="o">305.235 BAS</subfield>
    <subfield code="p">39999</subfield>
    <subfield code="r">2026-04-29 12:53:00</subfield>
    <subfield code="v">279.30</subfield>
    <subfield code="w">2026-04-22</subfield>
    <subfield code="y">BK</subfield>
  </datafield>
</record>
